| 000 | 01171cam a2200313 a 4500 | ||
|---|---|---|---|
| 999 |
_c7094 _d7094 |
||
| 001 | 136149 | ||
| 003 | GBCCL | ||
| 005 | 20241126110619.0 | ||
| 008 | 971209s1995 enk 000 0 heb | ||
| 010 | _a 97223108 | ||
| 020 | _a0564000299 | ||
| 035 | _a(OCoLC)36936152 | ||
| 040 |
_aDLC _cDLC _dDLC |
||
| 050 | 0 | 0 |
_aBS715 _b1995 |
| 082 |
_a221.44 _bSNA |
||
| 100 |
_aSnaith, Norman Henry _912555 |
||
| 130 | 0 |
_aBible. _pOld Testament. _lHebrew. _f1995. _912556 |
|
| 245 | 0 | 0 |
_a[Sefer Torah, Neviʼim u-Khetuvim : _bmeduyaḳ heṭev ʻal pi ha-mesorah / _chugah be-ʻiyun nimrats ʻal yede] Norman Henry Snaith. |
| 246 | 1 | 8 | _aTorah, Neviʼim u-Khetuvim |
| 246 | 1 |
_iTitle on t.p. verso: _aHebrew Old Testament |
|
| 260 |
_aLondon : _bBritish and Foreign Bible Society, _c1995. |
||
| 300 |
_a1362 p. ; _c19 cm. |
||
| 650 |
_aBible - OT - Hebrew _912557 |
||
| 700 | 1 |
_aSnaith, Norman H. _q(Norman Henry), _d1898-1982. _912558 |
|
| 710 | 2 |
_aBritish and Foreign Bible Society. _912559 |
|
| 906 |
_a7 _bcbc _corignew _d3 _encip _f19 _gy-gencatlg |
||
| 942 |
_2ddc _cREF |
||